000 00387nam a22001577a 4500
020 _aNA
082 _222
_a621.381044
100 _aSoni, M. L ...[et al.].
245 _aA text book on power system engineering /
260 _bDhanpat Rai & Co.,
_cc2005.
300 _a0
_bill. ;
700 _aGupta, P. V.
700 _aBhatnagar, U. S.
700 _aChakrabarti A.
942 _2ddc
_cEE
999 _c4041
_d4041